Financial accounting (Record no. 156947)
[ view plain ]
| 000 -LEADER | |
|---|---|
| fixed length control field | 00346nam a2200145Ia 4500 |
| 008 - FIXED-LENGTH DATA ELEMENTS--GENERAL INFORMATION | |
| fixed length control field | 230917s9999||||xx |||||||||||||| ||und|| |
| 040 ## - CATALOGING SOURCE | |
| -- | 179501 |
| Original cataloging agency | VIVEKANANDA LIBRARY |
| 041 ## - Language | |
| -- | English |
| 082 ## - DDC NUMBER | |
| Classification number | 657.48 V739F |
| 100 ## - MAIN ENTRY--PERSONAL NAME | |
| Personal name | Vinayakam, N |
| 245 #0 - TITLE STATEMENT | |
| Title | Financial accounting |
| 260 ## - PUBLICATION, DISTRIBUTION, ETC. (IMPRINT) | |
| Place of publication, distribution, etc | New Delhi |
| Name of publisher, distributor, etc | S Chand |
| Date of publication, distribution, etc | 2011 |
| 300 ## - PHYSICAL DESCRIPTION | |
| Pages | xii, 764 p. |
| 942 ## - ADDED ENTRY ELEMENTS (KOHA) | |
| Koha item type | Books |
| Withdrawn status | Lost status | Damaged status | Not for loan | Location (home branch) | Sublocation or collection (holding branch) | Date acquired | Koha issues (times borrowed) | Koha full call number | Accession No. | Koha date last seen | Koha item type | Shelving location |
|---|---|---|---|---|---|---|---|---|---|---|---|---|
| VIVEKANANDA LIBRARY | VIVEKANANDA LIBRARY | 09/02/2011 | 1 | 657.48 V739F | 284729 | 14/10/2023 | Books | |||||
| VIVEKANANDA LIBRARY | VIVEKANANDA LIBRARY | 09/02/2011 | 657.48 V739F | 284730 | 17/09/2023 | Books | ||||||
| VIVEKANANDA LIBRARY | VIVEKANANDA LIBRARY | 09/02/2011 | 657.48 V739F | 284731 | 17/09/2023 | Books | ||||||
| VIVEKANANDA LIBRARY | VIVEKANANDA LIBRARY | 09/02/2011 | 657.48 V739F | 284732 | 17/09/2023 | Books | ||||||
| VIVEKANANDA LIBRARY | VIVEKANANDA LIBRARY | 09/02/2011 | 657.48 V739F | 333499 | 17/09/2023 | Books | IHTM Library | |||||
| VIVEKANANDA LIBRARY | VIVEKANANDA LIBRARY | 09/02/2011 | 657.48 V739F | 333500 | 17/09/2023 | Books | IHTM Library | |||||
| VIVEKANANDA LIBRARY | VIVEKANANDA LIBRARY | 09/02/2011 | 657.48 V739F | 333501 | 17/09/2023 | Books | IHTM Library | |||||
| VIVEKANANDA LIBRARY | VIVEKANANDA LIBRARY | 09/02/2011 | 1 | 657.48 V739F | 334100 | 14/01/2026 | Books |
